Το θέατρο στη Λέσβο
Αποθηκεύτηκε σε:
| Κύριος συγγραφέας: | |
|---|---|
| Μορφή: | Βιβλίο |
| Γλώσσα: | Greek |
| Δημοσίευση: |
Αθήνα :
Παναγιώτα Ι. Καραμιχαλέλη,
2007
|
| Θέματα: | |
| Ετικέτες: |
Προσθήκη ετικέτας
Δεν υπάρχουν, Καταχωρήστε ετικέτα πρώτοι!
|
MARC
| LEADER | 00000cam a2200000 i 4500 | ||
|---|---|---|---|
| 001 | 1/7163 | ||
| 008 | 100504s2007 gre d | ||
| 020 | |a 978-960-930232-6 | ||
| 035 | |l 10107765 | ||
| 040 | |a GR-MY-UA |b gre |e aacr | ||
| 041 | 0 | |a gre | |
| 082 | 0 | |a 792.09495 |2 (22) | |
| 100 | 1 | |a Καραμιχαλέλη, Παναγιώτα Ι. | |
| 245 | 1 | 3 | |a Το θέατρο στη Λέσβο / |c Παναγιώτα Ι. Καραμιχαλέλη |
| 260 | |a Αθήνα : |b Παναγιώτα Ι. Καραμιχαλέλη, |c 2007 | ||
| 300 | |a 224 σ.; |b εικ.; |c 29 εκ. | ||
| 504 | |a Βιβλιογραφία: σ. 213-224 | ||
| 650 | 0 | |a Theater |z Greece |z Lesbos (Municipality) |x History |y 19th century. | |
| 650 | 0 | |a Theater |z Greece |z Lesbos (Municipality) |x History |y 20th century. | |
| 852 | |a INST |b LESVOS |e 20100504 |h 792.09495 ΚΑΡ |p 005100047019 |q 005100047019 |t BK |y 0 | ||
| 901 | |a BIBL1-2010-2 | ||
| 909 | |a Λ |b 163185 | ||
| 970 | |a ΓΙΑΛΑΜΑ |b ΜΑΡΙΑ |z 2010/05/04 | ||